00425cam a22001097a 4500008003600000082002100036245011700057260004600174300000900220500003700229700004900266180718b xxu||||| |||| 00| 0 eng d aT123x42 Un3/1959 aMethod of construction and calculation of the index of retail pricescby Ministry of Labour and National Service aLondonbHer Majesty's Stationery Officec av.p. aContents: Library has 1959, 1964 aU.K. Ministry of Labour and National Service